| 000 | 01337cas a2200385 a 4500 | ||
|---|---|---|---|
| 001 | 11393983 | ||
| 003 | NUST | ||
| 005 | 20220510120849.0 | ||
| 008 | 910823c19909999pk ar p f0 0eng | ||
| 010 | _a 91930594 | ||
| 035 | _a(OCoLC)ocm24278058 | ||
| 038 | _aArshad | ||
| 040 |
_aDLC _beng _cDLC _dICRL _dNST _dMiU _dOCoLC |
||
| 042 | _apcc | ||
| 043 | _aa-pk--- | ||
| 050 | 0 | 0 |
_aUA853.P3 _bP322 |
| 082 | 0 | 0 |
_a355.0095491 _bPAK |
| 245 | 0 | 0 | _aPakistan Army green book. |
| 246 | 1 | 3 | _aArmy green book |
| 246 | 1 | 7 | _aPak Army green book |
| 260 |
_aRawalpindi : _bPakistan Army, General Headquarters, _c1990- |
||
| 300 |
_av. : _bill., ports. ; _c29 cm. |
||
| 310 | _aAnnual | ||
| 362 | 0 | _a1990- | |
| 563 | _aHBK | ||
| 590 | _aSERBIB/SERLOC merged record | ||
| 610 | 1 | 0 |
_aPakistan. _bArmy _vPeriodicals. _991458 |
| 710 | 1 |
_aPakistan. _bArmy. _bGeneral Headquarters. _928954 |
|
| 776 | 0 | 8 |
_iOnline version: _tPakistan Army green book _w(OCoLC)606455922 |
| 776 | 0 | 8 |
_iOnline version: _tPakistan Army green book _w(OCoLC)622416864 |
| 906 |
_a7 _bcbc _cserials _d3 _encip _f19 _gn-oclcserc |
||
| 942 |
_2ddc _cBK |
||
| 999 |
_c589585 _d589585 |
||